[Event "NOR-ch Class2"]
[Site "Sarpsborg"]
[Date "2018.07.13"]
[Round "8"]
[White "Larsen, Thomas G"]
[Black "Barstad, Thoralf"]
[Result "0-1"]
[WhiteElo "1701"]
[BlackElo "1695"]
[PlyCount "152"]
[EventDate "2018.07.07"]
[EventType "swiss"]
[EventRounds "9"]
[EventCountry "NOR"]
[SourceTitle "EXT 2024"]
[Source "ChessBase"]
[SourceDate "2023.10.10"]
[SourceVersion "1"]
[SourceVersionDate "2023.10.10"]
[SourceQuality "1"]

1. Nf3 d5 2. d4 Nf6 3. g3 e6 4. Bg2 Be7 5. 0-0 0-0 6. Nbd2 Nbd7 7. Re1 b6 8. e4 dxe4 9. Nxe4 Bb7 10. Nxf6+ Nxf6 11. c4 c5 12. dxc5 Bxc5 13. Be3 Bxe3 14. Rxe3 Qc7 15. Qc2 Rac8 16. Rc1 Rfd8 17. Rd3 Be4 18. Rxd8+ Rxd8 19. Qe2 h6 20. b3 Qd6 21. Re1 Kf8 22. Qe3 Qb4 23. Re2 Rd3 24. Qf4 Rd1+ 25. Bf1 Bd3 26. Qb8+ Ne8 27. Qe5 Bxe2 28. Qxe2 Qd6 29. Ne5 Nf6 30. Nd3 Ra1 31. Qc2 Qa3 32. c5 bxc5 33. Ne5 Qc1 34. Qd3 Qd1 35. Qb5 Kg8 36. Qa6 Ng4 37. Nxg4 Qxg4 38. Kg2 Qe4+ 39. Kh3 Qf3 40. Bd3 Qh5+ 41. Kg2 Qd5+ 42. Kh3 Qd8 43. Be4 Re1 44. Qc6 Re2 45. Kg2 Rxa2 46. Qxc5 g6 47. b4 Qb6 48. Qxb6 axb6 49. b5 Rb2 50. Bc6 Kf8 51. Kf3 Ke7 52. h4 f6 53. Ke3 Kd6 54. f4 Rb3+ 55. Kf2 Rc3 56. Be8 g5 57. fxg5 fxg5 58. hxg5 hxg5 59. Bf7 Kc5 60. Be8 e5 61. Bc6 Kd6 62. g4 Rxc6 63. bxc6 Kxc6 64. Ke3 Kc5 65. Ke4 b5 66. Kxe5 b4 67. Kf5 b3 68. Kxg5 b2 69. Kf6 b1Q 70. g5 Qf1+ 71. Kg7 Qa1+ 72. Kh7 Qa7+ 73. Kh6 Qf7 74. g6 Qg8 75. g7 Kd5 76. Kg6 Ke6 0-1

[Event "Nordstrand CC-ch"]
[Site "Oslo"]
[Date "2015.04.23"]
[Round "10"]
[White "Moseng, Geir"]
[Black "Barstad, Thoralf"]
[Result "1/2-1/2"]
[WhiteElo "2014"]
[BlackElo "1827"]
[PlyCount "140"]
[EventDate "2014.12.01"]
[EventType "tourn"]
[EventRounds "11"]
[EventCountry "NOR"]
[SourceTitle "EXT 2018"]
[Source "ChessBase"]
[SourceDate "2017.10.13"]
[SourceVersion "1"]
[SourceVersionDate "2017.10.13"]
[SourceQuality "1"]

1. d4 d5 2. c4 dxc4 3. Nf3 Bf5 4. e3 e6 5. Bxc4 Bxb1 6. Rxb1 Bb4+ 7. Bd2 Bxd2+ 8. Qxd2 Nf6 9. 0-0 0-0 10. Qc2 Nbd7 11. b4 c6 12. Rfd1 Qe7 13. b5 cxb5 14. Rxb5 b6 15. Rc1 Rfc8 16. Qb1 a6 17. Rb2 b5 18. Bd3 Nb6 19. Rbc2 Rxc2 20. Rxc2 Qb7 21. Qc1 Rc8 22. Ne5 Rxc2 23. Qxc2 Nbd5 24. a3 Qc7 25. Qxc7 Nxc7 26. Kf1 h6 27. e4 Kf8 28. Ke2 Ke8 29. f4 Nd7 30. Nc6 Nb6 31. g4 f6 32. f5 Kd7 33. Na5 exf5 34. gxf5 Kd6 35. Nb7+ Kc6 36. Na5+ Kd6 37. Kf3 Nd7 38. Nb7+ Ke7 39. Kf4 Nb6 40. Nc5 Kd6 41. Be2 Nd7 42. Nb7+ Ke7 43. Na5 Kd6 44. Bd3 Ke7 45. Nb3 Kd6 46. Nd2 Ke7 47. Nf1 Kd6 48. Ng3 Ke7 49. Nh5 Kf7 50. Ke3 g5 51. fxg6+ Kxg6 52. Ng3 Kg5 53. Nf5 h5 54. h4+ Kg6 55. Be2 Nb6 56. Ng3 Nc4+ 57. Bxc4 bxc4 58. a4 a5 59. d5 Na8 60. Kd4 Nb6 61. Kc5 Nxa4+ 62. Kxc4 Nb6+ 63. Kb5 a4 64. Kb4 Kf7 65. Nxh5 f5 66. exf5 Nxd5+ 67. Kxa4 Ne3 68. Ng3 Kf6 69. h5 Nxf5 70. h6 Nxh6 1/2-1/2

[Event "Nordstrand CC-ch"]
[Site "Oslo"]
[Date "2015.03.19"]
[Round "7"]
[White "Barstad, Thoralf"]
[Black "Snellingen, Jorn"]
[Result "1/2-1/2"]
[WhiteElo "1827"]
[BlackElo "2039"]
[PlyCount "107"]
[EventDate "2014.12.01"]
[EventType "tourn"]
[EventRounds "11"]
[EventCountry "NOR"]
[SourceTitle "EXT 2018"]
[Source "ChessBase"]
[SourceDate "2017.10.13"]
[SourceVersion "1"]
[SourceVersionDate "2017.10.13"]
[SourceQuality "1"]

1. e4 c5 2. Nf3 d6 3. d4 cxd4 4. Nxd4 Nf6 5. Nc3 g6 6. Be2 Bg7 7. 0-0 0-0 8. Be3 Nc6 9. Nb3 Ne5 10. f4 Neg4 11. Bd4 e5 12. fxe5 dxe5 13. Bc5 Bh6 14. Qxd8 Rxd8 15. h3 Nd7 16. hxg4 Nxc5 17. Nxc5 Be3+ 18. Kh2 Bxc5 19. Nd5 Bd6 20. Nf6+ Kg7 21. Bc4 Be6 22. Bxe6 fxe6 23. Rad1 h6 24. Rd3 Bc5 25. Rd7+ Rxd7 26. Nxd7 Be7 27. Kh3 Rc8 28. Nxe5 Bf6 29. Nd3 Rxc2 30. e5 Bg5 31. Rf2 Rc6 32. Nf4 Bxf4 33. Rxf4 Rc5 34. Rd4 Rxe5 35. Rd7+ Kf6 36. Rxb7 Re3+ 37. g3 a5 38. Rb5 Re5 39. Rb8 Rd5 40. a4 e5 41. Rb6+ Kf7 42. Kg2 Rd4 43. b3 e4 44. Kf2 Rd2+ 45. Ke3 Rd3+ 46. Kxe4 Rxg3 47. Kf4 Rc3 48. Rb5 g5+ 49. Ke4 Rg3 50. Kf5 Rf3+ 51. Ke5 Re3+ 52. Kf5 Rf3+ 53. Ke5 Re3+ 54. Kf5 1/2-1/2

[Event "Nordstrand CC-ch"]
[Site "Oslo"]
[Date "2015.03.05"]
[Round "6"]
[White "Tryggestad, Andreas Garberg"]
[Black "Barstad, Thoralf"]
[Result "1-0"]
[WhiteElo "2069"]
[BlackElo "1827"]
[PlyCount "85"]
[EventDate "2014.12.01"]
[EventType "tourn"]
[EventRounds "11"]
[EventCountry "NOR"]
[SourceTitle "EXT 2018"]
[Source "ChessBase"]
[SourceDate "2017.10.13"]
[SourceVersion "1"]
[SourceVersionDate "2017.10.13"]
[SourceQuality "1"]

1. e4 c5 2. c3 Nf6 3. e5 Ng8 4. d4 e6 5. Nf3 d5 6. exd6 Bxd6 7. dxc5 Bxc5 8. Qxd8+ Kxd8 9. Ne5 Ke7 10. Nd2 Nd7 11. Nef3 Ngf6 12. Bd3 Ng4 13. Ne4 Bb6 14. 0-0 Nde5 15. Be2 Nxf3+ 16. Bxf3 Ne5 17. Be2 Bd7 18. Bf4 Bc7 19. Be3 b6 20. f4 Bc6 21. Ng3 Nd7 22. Bd4 Nf6 23. Bc4 Rhg8 24. Rae1 Nd5 25. Nh5 b5 26. Bxd5 Bxd5 27. Bxg7 Bxa2 28. f5 Bc4 29. Rf3 Bd5 30. Rd3 Bc4 31. Bf6+ Ke8 32. Rd2 a5 33. Bd4 Bd8 34. Ng7+ Kf8 35. fxe6 Bxe6 36. Nxe6+ fxe6 37. Rxe6 Kf7 38. Rh6 Bg5 39. Rf2+ Ke7 40. Rxh7+ Ke6 41. h4 Bd8 42. Re2+ Kd5 43. b3 1-0

[Event "Nordstrand CC-ch"]
[Site "Oslo"]
[Date "2015.01.29"]
[Round "2"]
[White "Nordquelle, Daniel"]
[Black "Barstad, Thoralf"]
[Result "1-0"]
[WhiteElo "1847"]
[BlackElo "1827"]
[PlyCount "57"]
[EventDate "2014.12.01"]
[EventType "tourn"]
[EventRounds "11"]
[EventCountry "NOR"]
[SourceTitle "EXT 2018"]
[Source "ChessBase"]
[SourceDate "2017.10.13"]
[SourceVersion "1"]
[SourceVersionDate "2017.10.13"]
[SourceQuality "1"]

1. e4 c5 2. c3 d5 3. exd5 Qxd5 4. d4 e6 5. Nf3 Nf6 6. Be2 Be7 7. Be3 0-0 8. dxc5 Qxd1+ 9. Bxd1 Ne4 10. b4 Nc6 11. Bc2 f5 12. Bxe4 fxe4 13. Nd4 e5 14. Nxc6 bxc6 15. Nd2 Bf5 16. Nc4 Rfd8 17. Nxe5 Bf6 18. Bd4 Rac8 19. Ke2 Rd5 20. Nc4 Bg4+ 21. Ke3 Bg5+ 22. Kxe4 Re8+ 23. Ne5 g6 24. f4 Bf5+ 25. Kf3 Bh6 26. Rhe1 Rc8 27. Nc4 Bd3 28. Nd6 Rf8 29. Re8 1-0

[Event "NOR-ch Class2"]
[Site "Lillehammer"]
[Date "2013.06.29"]
[Round "5"]
[White "Barstad, Thoralf"]
[Black "Sorjordet, Anders"]
[Result "1/2-1/2"]
[WhiteElo "1532"]
[BlackElo "1586"]
[PlyCount "70"]
[EventDate "2013.06.29"]
[EventType "swiss"]
[EventRounds "9"]
[EventCountry "NOR"]
[SourceTitle "EXT 2017"]
[Source "ChessBase"]
[SourceDate "2016.10.25"]
[SourceVersion "1"]
[SourceVersionDate "2016.10.25"]
[SourceQuality "1"]

1. d4 d5 2. c4 c6 3. cxd5 cxd5 4. Nf3 Nf6 5. g3 Nc6 6. Bg2 e6 7. 0-0 Be7 8. Bg5 0-0 9. Nc3 a6 10. Rc1 Bd7 11. e3 h6 12. Bxf6 Bxf6 13. Nd2 Be7 14. Nb3 Na5 15. e4 dxe4 16. Bxe4 Bc6 17. d5 exd5 18. Nxd5 Bxd5 19. Bxd5 Bf6 20. Nxa5 Qxa5 21. Qb3 Rab8 22. Rfd1 b5 23. Bg2 b4 24. Rd7 Rbd8 25. Rcc7 Rxd7 26. Rxd7 Qf5 27. Rb7 Qb1+ 28. Bf1 a5 29. Ra7 Qxb2 30. Qxb2 Bxb2 31. Rxa5 Rc8 32. Ra4 Bc3 33. Bg2 Rd8 34. Ra8 Rxa8 35. Bxa8 Kf8 1/2-1/2

[Event "NOR-ch Class2"]
[Site "Lillehammer"]
[Date "2013.06.29"]
[Round "8"]
[White "Gulliksen, Tomm"]
[Black "Barstad, Thoralf"]
[Result "0-1"]
[WhiteElo "1490"]
[BlackElo "1532"]
[PlyCount "56"]
[EventDate "2013.06.29"]
[EventType "swiss"]
[EventRounds "9"]
[EventCountry "NOR"]
[SourceTitle "EXT 2017"]
[Source "ChessBase"]
[SourceDate "2016.10.25"]
[SourceVersion "1"]
[SourceVersionDate "2016.10.25"]
[SourceQuality "1"]

1. d4 Nf6 2. c4 e6 3. a3 b6 4. Nc3 Bb7 5. f3 d5 6. cxd5 exd5 7. b4 a5 8. b5 Bd6 9. Nh3 0-0 10. Bg5 h6 11. Bh4 Nbd7 12. e3 Re8 13. Kf2 Ng4+ 14. fxg4 Qxh4+ 15. g3 Qe7 16. Qf3 Bxa3 17. Nxd5 Bxd5 18. Qxd5 Qxe3+ 19. Kg2 Nf6 20. Qa2 Qe4+ 21. Kg1 Qxd4+ 22. Nf2 Bc5 23. Bc4 Qxf2+ 24. Qxf2 Bxf2+ 25. Kxf2 Nxg4+ 26. Kg1 Rad8 27. h3 Ne5 28. Bf1 Rd2 0-1